Famous Czech people - Statistics

General Stats
  • This quiz has been taken 563 times
  • The average score is 7 of 10
Answer Stats
Hint Answer % Correct
First president of Czech republic, writer Václav Havel
94%
First president of Czechoslovakia Tomáš Masaryk
82%
The best european ice hockey player ever Jaromír Jágr
79%
Composer, New World Symphony Antonín Dvořák
71%
Patron saint of the Czech state, square in Prague is named after him Saint Wenceslaus
69%
Long distance runner from 1940s and 1950s, won 4 olympic gold medals Emil Zátopek
63%
Medieval king, Father of the Homeland Charles IV
59%
Oscar winning director - Amadeus Miloš Forman
58%
Female tennis player who became a US citizen Martina Navrátilová
51%
Chemist, inventor of modern contact lenses Otto Wichterle
37%
No matching quizzes found
Score Distribution
Percent of People with Each Score
Percentile by Number Answered
Your Score History
You have not taken this quiz